H. K. E. Köhler's gesammelte Schriften (Запись № 10758051)

Подробности
000 -МАРКЕР
контрольное поле 00861nam1a22002531 4500
001 - ИДЕНТИФИКАТОР ЗАПИСИ
контрольное поле RU\NLR\INFOCOMM5\ROSSICA\1000296134
005 - ИДЕНТИФИКАТОР ВЕРСИИ
контрольное поле 20241101015710.0
035 ## - ДРУГИЕ СИСТЕМНЫЕ НОМЕРА
Идентификатор записи (NLR Aleph) 009939969
100 ## - ДАННЫЕ ОБЩЕЙ ОБРАБОТКИ
Данные общей обработки 20030521d1850 |||y0rusy50 ba
101 0# - ЯЗЫК РЕСУРСА
Язык текста, звукозаписи и т.д. немецкий
102 ## - СТРАНА ПУБЛИКАЦИИ ИЛИ ПРОИЗВОДСТВА
Страна публикации российская федерация
105 ## - ПОЛЕ КОДИРОВАННЫХ ДАННЫХ: ТЕКСТОВЫЕ МАТЕРИАЛЫ, МОНОГРАФИЧЕСКИЕ
Кодированные данные о монографическом текстовом документе y ||||000ay
200 1# - ЗАГЛАВИЕ И СВЕДЕНИЯ ОБ ОТВЕТСТВЕННОСТИ
Основное заглавие H. K. E. Köhler's gesammelte Schriften
Сведения, относящиеся к заглавию Im Auftrage der Kais. Academie d. Wissenchaften herausgegeben von Ludolf Stephani
Первые сведения об ответственности Ludolf Stephani
210 ## - ПУБЛИКАЦИЯ, РАСПРОСТРАНЕНИЕ И ДР.
Место издания, распространения и т.д. Spb.
Дата издания, распространения и т.д. 1850
600 #1 - ИМЯ ЛИЦА КАК ПРЕДМЕТ
Начальный элемент ввода Köhler
Расширение инициалов личного имени Heinr. K. Ernst
Часть имени, кроме начального элемента ввода H.K.E.
Код системы PSBO
702 #1 - ИМЯ ЛИЦА - ВТОРИЧНАЯ ОТВЕТСТВЕННОСТЬ
Код отношения Редактор
Графика поля Латинская
Материалы, к которым относится поле ger
Начальный элемент ввода Stefani
Часть имени, кроме начального элемента ввода L. E.
Даты 1816-1887
Расширение инициалов личного имени Ludol'f Eduardovič
Системный номер авторитетной/нормативной записи 176305
Идентификатор авторитетной/нормативной записи RU\NLR\AUTH\770176356
801 #1 - ИСТОЧНИК ЗАПИСИ
Страна российская федерация
Организация InfoComm
Дата составления 20030521
801 #0 - ИСТОЧНИК ЗАПИСИ
Страна российская федерация
Организация NLR
Правила каталогизации PSBO
852 ## - МЕСТОНАХОЖДЕНИЕ И ШИФР ХРАНЕНИЯ
Идентификатор организации NLR
Наименование фонда или коллекции (Sub-Location Identifier) Истор. отд.
Шифр хранения (Call Number) 14.8.3.165
942 ## - ДОПОЛНИТЕЛЬНЫЕ ЭЛЕМЕНТЫ ЗАПИСИ (АБИС)
Тип экземпляра АБИС Книга
980 ## - КОЛЛЕКЦИЯ
Название коллекции Россика

Нет доступных экземпляров.